Savoie - mort subite - Statistiques

Statistiques générales
  • Ce quiz a été pris 72 fois
    20 depuis la dernière actualisation
  • Le résultat moyen est 6 sur 18
Answers on the Grid
Answers color-coded by a green-red scale on the quiz's grid according to % correct below.
Mont Blanc
Chambéry
Albertville
Val-d'Isère
Dent du Midi
Bercy
Manado
Un sommet de 4 000 m
Le col routier le plus haut d'Europe
Machala
Thônes
Le Môle
Huaraz
Alor Setar
Djelfa
Moûtiers
Conflans
Nevers
Col de la Madeleine
Lac du Bourget
Monte Pissis
Bourg-Saint-Maurice
Col du Petit Saint-Bernard
Reggio d'Émilie
Athis-Mons
Pointe des Lessières
Bar-le-Duc
La Grande Chartreuse
Ugine
Tignes
Cluses
Pointe du Chardonnet
Sainte-Foy-Tarentaise
Césarches
L'Arpette
Aix-les-Bains
 
Statistiques - réponses
Réponse % Correct
Chambéry
100%
Albertville
91%
Val-d'Isère
73%
Bourg-Saint-Maurice
36%
Col de la Madeleine
36%
Col du Petit Saint-Bernard
36%
Le lac le plus grand et le plus profond qui est entièrement en France Lac du Bourget
36%
Aix-les-Bains
27%
Station de ski Tignes
27%
Montagne L'Arpette
18%
Moûtiers
18%
Sainte-Foy-Tarentaise
18%
Ugine
18%
Césarches
9%
Col de l'Iseran Le col routier le plus haut d'Europe
9%
Sommet de 3 000 m facilement accessible du col de l'Iseran Pointe des Lessières
9%
Pointe du Chardonnet
9%
Conflans
0%
Aucun quiz correspondant
Distribution des résultats
% des personnes avec chaque résultat
Percentile par nombre de réponses
Votre historique - résultats
Vous n’avez pas pris ce quiz depuis la dernière actualisation